Genética: texto y atlas
Saved in:
| Hovedforfatter: | |
|---|---|
| Andre forfattere: | |
| Format: | Bog |
| Sprog: | spansk |
| Udgivet: |
Madrid, España:
Médica Panamericana,
2009.
|
| Udgivelse: | 3ª edición, revisada y ampliada. |
| Fag: | |
| Tags: |
Tilføj Tag
Ingen Tags, Vær først til at tagge denne postø!
|
MARC
| LEADER | 00000cam a2200000 a 4500 | ||
|---|---|---|---|
| 001 | UCC5528 | ||
| 003 | CL-VaPUC | ||
| 005 | 20250117101941.0 | ||
| 008 | 181012e20090000sp |||||||||||||||||spa|d | ||
| 999 | |c 372720 |d 372718 | ||
| 020 | |a 9788498351927 | ||
| 040 | |c Pontificia Universidad Católica de Valparaíso | ||
| 082 | 0 | 4 | |a 576.5 PAS 2009 |2 21 |
| 100 | |a Passarge, Eberhard |e autor |9 599834 | ||
| 245 | 1 | 0 | |a Genética: texto y atlas |
| 250 | |a 3ª edición, revisada y ampliada. | ||
| 260 | |a Madrid, España: |b Médica Panamericana, |c 2009. | ||
| 300 | |a X, 486 páginas : |b 202 láminas en color | ||
| 583 | |a last modification |c 20181012 13:26:00 |k Rodrigo Vera | ||
| 650 | 0 | |a Genética |9 259443 | |
| 700 | |a Wirth, Jürgen |e ilustrador |9 895067 | ||
| 942 | |c BK |2 ddc | ||
| 945 | |d 20181012 13:26:00 |a dcastane | ||
| 952 | |0 0 |1 0 |2 ddc |3 erb |4 0 |6 576_500000000000000_PAS_2009 |7 0 |8 A |9 490465 |a BIBCUR |b BIBCUR |i 550662K |l 7 |o 576.5 PAS 2009 |p 550662K |r 2025-04-22 |s 2024-03-27 |t 1 |w 2019-11-24 |y BK |z Catalogado en:20181012 |k BIO | ||
| 952 | |0 0 |1 0 |2 ddc |3 erb |4 0 |6 576_500000000000000_PAS_2009 |7 0 |8 A |9 490466 |a BIBCUR |b BIBCUR |i 5506611 |l 9 |m 3 |o 576.5 PAS 2009 |p 5506611 |r 2025-04-22 |s 2024-03-11 |t 2 |w 2019-11-24 |y BK |z Catalogado en:20181012 |k BIO | ||
| 952 | |0 0 |1 0 |2 ddc |3 erb |4 0 |6 576_500000000000000_PAS_2009 |7 0 |8 A |9 490467 |a BIBCUR |b BIBCUR |i 5506603 |l 2 |m 1 |o 576.5 PAS 2009 |p 5506603 |r 2025-04-22 |s 2024-07-01 |t 3 |w 2019-11-24 |y BK |z Catalogado en:20181012 |k BIO | ||
| 952 | |0 0 |1 0 |2 ddc |3 erb |4 0 |6 576_500000000000000_PAS_2009 |7 0 |8 A |9 490468 |a BIBCUR |b BIBCUR |i 550659K |l 4 |m 3 |o 576.5 PAS 2009 |p 550659K |r 2025-04-22 |s 2023-10-31 |t 4 |w 2019-11-24 |y BK |z Catalogado en:20181012 |k BIO | ||
| 952 | |0 0 |1 0 |2 ddc |4 0 |6 576_500000000000000_PAS_2009 |7 0 |8 A |9 598849 |a BIBCUR |b BIBCUR |d 2025-01-06 |e 3 |g 71304.50 |i 5663790 |o 576.5 PAS 2009 |p 5663790 |r 2025-04-22 |t 5 |v 71304.50 |w 2025-01-06 |y BK |k TEM | ||
| 952 | |0 0 |1 0 |2 ddc |4 0 |6 576_500000000000000_PAS_2009 |7 0 |8 A |9 598850 |a BIBCUR |b BIBCUR |d 2025-01-06 |e 3 |g 71304.50 |i 5663791 |o 576.5 PAS 2009 |p 5663791 |r 2025-04-22 |t 6 |v 71304.50 |w 2025-01-06 |y BK |k TEM | ||